000 00871nam a2200253Ia 4500
003 OSt
005 20220930082426.0
006 a|||||r|||| 00| 0
007 ta
008 220926b |||||||| |||| 00| 0 eng d
024 _a30,859
037 _cTheses
040 _aCRL
_cCRL
_beng
041 _2eng
_aeng
100 _aBhatia Meenakshi
_9531395
110 _aUniversity of Delhi. Faculty of Medical Sciences. Department of Medical Biochemistry
_9520250
245 0 _aEffect of an abused drug on mourse peritoneal macrophages and on antibody response
260 _c1999
650 _aBIOCHEMISTRY
700 _a Dr A K Chakrabarty Supervisor
_9531396
700 _aUniversity of Delhi. Faculty of Medical Sciences. Department of Medical Biochemistry
_9520252
942 _cDIS
_2CC
999 _c873116
_d873116